PANTANJALIYOGA DARSAN (Record no. 8739)

MARC details
000 -LEADER
fixed length control field 00304nam a22001337a 4500
003 - CONTROL NUMBER IDENTIFIER
control field SGT
082 ## - DEWEY DECIMAL CLASSIFICATION NUMBER
Classification number 615.53
Item number P15S
100 ## - MAIN ENTRY--PERSONAL NAME
Personal name SHREE VASTTHPYA, SURESH CHANDRA
245 ## - TITLE STATEMENT
Title PANTANJALIYOGA DARSAN
260 ## - PUBLICATION, DISTRIBUTION, ETC. (IMPRINT)
Place of publication, distribution, etc VARANASI
Name of publisher, distributor, etc CHAUKHAMBHA PUB
Year of Publication 2015
300 ## - PAGE DESCRIPTION
No. of Pages 600.00
650 ## - SUBJECT ADDED ENTRY--TOPICAL TERM
Topical term or geographic name as entry element AYURVEDA
942 ## - ADDED ENTRY ELEMENTS (KOHA)
Source of classification or shelving scheme Dewey Decimal Classification
Koha item type Books
Holdings
Withdrawn status Lost status Source of classification or shelving scheme Damaged status Not for loan Collection code Home library Current library Shelving location Date acquired Vendor Name Cost, normal purchase price SGTU Bill Number Total Checkouts Full call number Accession No. (Barcode) Date last seen Bill Date Koha item type Date last borrowed
    Dewey Decimal Classification     AYURVEDA SGT FA-FP Library SGT FA-FP Library Text Book 02/04/2016 CHAUKHAMBHA 250.00 SGTU 1079   615.53 P15S FA4996 02/04/2016 10/02/2016 Books  
    Dewey Decimal Classification     AYURVEDA SGT FA-FP Library SGT FA-FP Library Text Book 02/04/2016 CHAUKHAMBHA 250.00 SGTU 1079 1 615.53 P15S FA4997 25/09/2020 10/02/2016 Books 25/09/2020